Practical Fault Attacks on Neural Networks

Enregistré dans:
Détails bibliographiques
Auteur principal: Kučerák, Štefan (Auteur)
Autres auteurs: Hou, Xiaolu (Directeur de thèse)
Format: Manuscrit Livre
Langue:slovaque
anglais
Publié: 2026
Sujets:
Accès en ligne:http://is.stuba.sk/zp/portal_zp.pl?podrobnosti=182909
Tags: Ajouter un tag
Pas de tags, Soyez le premier à ajouter un tag!

MARC

LEADER 00000ntm a22000003a 4500
001 stuzp108434
003 SK-STU
005 20260207210352.8
007 ta
008 150427s2015----xo-----f-mn---000-0-slo-d
040 |a STU  |b slo 
041 0 |a eng 
100 1 |a Kučerák, Štefan  |u 070400  |4 aut  |U FIIT Fakulta informatiky a informačných technológií  |T FIIT Ústav počítačového inžinierstva a aplikovanej informatiky  |X 127209  |U I400  |Y 672  |7 127209 
242 0 1 |a Praktické chybové útoky na neurónové siete  |y slo 
245 1 0 |a Practical Fault Attacks on Neural Networks 
260 |c 2026 
650 4 |a EMFI  |2 slo 
650 4 |a Konvolučné neurónové siete  |2 slo 
650 4 |a Kvantizácia neurónových sietí  |2 slo 
650 4 |a Convolutional neural networks  |2 eng 
650 4 |a Electromagnetic fault injection  |2 eng 
650 4 |a Quantization of neural networks  |2 eng 
700 1 |a Hou, Xiaolu  |u 070400  |k Z1  |4 ths  |U FIIT Fakulta informatiky a informačných technológií  |T FIIT Ústav počítačového inžinierstva a aplikovanej informatiky  |X 114118  |U I400  |Y 672  |7 114118 
856 4 |u http://is.stuba.sk/zp/portal_zp.pl?podrobnosti=182909